| 000 | 02152nam a2200301 i 4500 | ||
|---|---|---|---|
| 001 | 000038568 | ||
| 003 | DO-SdBNP | ||
| 005 | 20241030150122.0 | ||
| 007 | ta | ||
| 008 | 130415s1977 dr ac 000 0 spa d | ||
| 040 |
_aDO-SdBNP _bspa _cBNPHU _erda |
||
| 082 | 4 |
_axxx _bU26m _222 |
|
| 100 | 1 |
_aUgarte, María, _d1914-2011 _eautor _4aut. _934492 |
|
| 245 | 1 | 0 |
_aMonumentos coloniales / _cMaría Ugarte ; prólogo, Eugenio Pérez Montás. |
| 260 |
_aSanto Domingo : _bMuseo de las Casas Reales, _c1977. |
||
| 264 | 4 |
_aSanto Domingo : _bEditor Museo de las Casas Reales, _c1977. |
|
| 300 |
_a291 páginas : _bilustraciones, retratos ; _c29 cm. |
||
| 336 |
_atexto _btxt _2rdacontent |
||
| 337 |
_asin mediación _bn _2rdamedia |
||
| 338 |
_avolumen _bnc _2rdacarrier |
||
| 490 | 1 | _aPublicaciones del museo de las Casas Reales de Santo Domingo (1977) | |
| 500 | _aIncluye datos biográficos de la autora en la solapa de la cubierta | ||
| 504 | _aBibliografía : páginas 290-291 | ||
| 505 | 0 |
_aPalabras liminares / _rDr. Eudoro Sánchez y Sánchez -- Prólogo una ciudad de destino -- _rArq. Eugenio Pérez Montas -- Introducción --Arquitectura religiosa -- Ruinas del Monaterio de San Francisco -- Iglesia del Convento Dominico -- Iglesia de Las mercedes -- Ruinas de la iglesia -hospital de San Nicolás-- Catedral de Santo Domingo -- Santa Barbara -- Iglesia de Nuestra Señora del Carmen -- Capilla del hospital de San Andrés -- Iglesia de San Carlos -- Conjunto de San Lazaro -- Capilla de los Remedios -- Arquitectura civil --Las Casas Reales -- Alcazar de Diego Colón -- La Casa del Cordón --Colegio de Gorjón -- La Casa de la Moneda -- Las Reales Atarazanas -- Ingenio de Engombe -- Casa de Ponce de León -- Casa de la Familia Dávila -- La Casa de los Jesuitas -- Casa de Rodrígo dede Bastidas -- Casa de Nicolás de Ovando -- Casa de Tostado -- Casa del Sacreamento -- La Casa Arquitectura militar -- Fuerte de la Concepción -- Pueta del Conde -- Fortaleza de Santo Domingo -- Fortaleza de San Felipe -- Obras cosultadas |
|
| 590 | _aInventariado, 2024/BT | ||
| 700 | 1 |
_aPérez Montás, Eugenio, _eprologuista _913156 |
|
| 942 |
_2ddc _cLBS1 |
||
| 999 |
_c38058 _d38058 |
||